000 00273nam a22001217a 4500
041 _aENG
100 _aHhhabra.B.S
245 _aDigital Electronics & Microprocessor
260 _aDelhi
_bDhanpat Rai PUB
_c2000
300 _a436
650 _aComputer
856 _uComputer
999 _c746
_d746